000 00721cab a2200217 4500
001 ABS55138
008 090401t1996 xxu||||| |||| 00| 0 eng d
035 _a(Sirsi) u14468
041 _aeng
100 _aGoble, J.
245 _aComing to terms with FM
260 _c1996
350 _a0
490 _aProperty Week
_v55(9) 30 May 1996, 24-25(2)
520 _aConsiders how the service offered by FM providers relates to and affects that offered by traditional managing agents. Reflects on whether there will continue to be a role for the managing agent.
650 _aFACILITIES MANAGEMENT
_96240
650 _aMANAGING AGENTS
690 _aCOMMERCIAL PROPERTY-MANAGEMENT
942 _n0
948 _c04/03/1997
999 _c9429
_d9429